000 00319nam a22001457a 4500
008 210511b ||||| |||| 00| 0 eng d
020 _a9781593080037
041 _aeng
080 _a94
082 _a94
100 _a16
101 _aSHH
245 _aWard No. 6 and other Stories
_cAnton Chekhov
942 _2udc
_cBK
999 _c57268
_d57268